Law and policy in international business

Salvato in:
Dettagli Bibliografici
Natura: Periodico
Lingua:inglese
Pubblicazione: Washington Georgetown University Law Center
Soggetti:
Tags: Aggiungi Tag
Nessun Tag, puoi essere il primo ad aggiungerne!!

MARC

LEADER 00000nas1a22000001 4500
001 s120163
005 20250623144925.3
022 |a 0023-9208 
041 0 |a eng 
044 |a US 
245 1 0 |a Law and policy in international business 
264 1 |a Washington  |b Georgetown University Law Center 
610 2 0 |a právo 
610 2 0 |a právo obchodné 
610 2 0 |a politika 
610 2 0 |a obchod medzinárodný